01574 a2200229 4500003000500000005001700005010001700022020001800039040000900057082001400066100002700080245010300107250001200210260003800222300003600260505076200296650004701058856007501105942002301180999001901203952012201222Nust20220802145919.0 a 2002027737 a81-297-0175-8 cNust00a005.1,KAN1 aKan, Stephen H.99631210aMetrics and models in software quality engineering /cStephen H. Kan ; [foreword by Capers Jones]. a2nd ed. aBoston :bAddison-Wesley,cc2003. axxvii, 528 p. :bill. ;c24 cm. aWhat Is Software Quality (Page-1), Software Development Processes Models (Page-13), Fundamentals Of Measurement Theory (Page-55), Software Quality Matrices Overview (Page-85), Applying The Seven Basic Quality Tools In Software Development (Page-127), Defect Removal Effectiveness (Page-159), The Rayleigh Model (Page-187), Exponential Distribution And Reliability Growth Models (Page-207), Quality Management Models (Page-235), In-Process Metrics For Software Testing (Page-271), Complexity Metrics And Models (Page-311), Metrics And Lessons Learned For Object Oriented Projects (Page-331), Availability Metrics (Page-359), Conducting Software Project Assessments (Page-413), Using Function Points Metrics To Measure Software Process Improvement (Page-453).00aComputer softwarexQuality control.918053413Table of contentsuhttp://www.loc.gov/catdir/toc/fy033/2002027737.html 2ddccBKk005.1,KAN c176495d176495 00102ddc4070aMCSbMCScGENd2016-12-12o005.1,KANpMCS30383r2016-12-08w2016-12-12yBKzAlmirah No.3, Shelf No.5